| 000 | 01053cam a2200253 i 4500 | ||
|---|---|---|---|
| 003 | SA-RiAUC | ||
| 005 | 20250917112641.0 | ||
| 008 | 250915s1996 tu f g 00000 ara c | ||
| 040 |
_aSA-RiAUC _bara _cSA-RiAUC _erda |
||
| 082 | 0 | 4 | _a219.7 |
| 090 |
_a219.7 _bع ي س |
||
| 100 | 1 |
_aعيسى، أحمد محمد _eمؤلف. |
|
| 245 | 1 | 2 |
_aالتصاوير في الإسلام بين التحريم والكراهية / _cتأليف أحمد محمد عيسى ؛ تقديم أكمل الدين إحسان أوغلي. |
| 264 | 1 |
_aاستانبول : _b[الناشر غير محدد]، _c1996 |
|
| 300 |
_a56،44 صفحة : _b19 لوحة ملونة ؛ _c24 سم |
||
| 336 |
_aنص _btxt _2rdacontent _3كتاب |
||
| 337 |
_aبدون وسيط _bn _2rdamedia |
||
| 338 |
_aمجلد _bnc _2rdacarrier |
||
| 650 | 7 |
_aالحظر والإباحة _2aucsh |
|
| 650 | 7 |
_aالأحكام الشرعية _2aucsh |
|
| 700 | 1 |
_aإحسان أوغلي، أكمل الدين، _d1943- _eمقدم. |
|
| 942 |
_2ddc _cBOOK _n0 |
||
| 949 |
_aSA-JeALM _d250915 _umohamedma123 _n1 |
||
| 999 |
_c11832 _d11832 |
||